Statistiques concernant Mots de la langue française terminés par "quet"

Cliquez ici pour prendre le quiz!

Statistiques générales

  • Ce quiz a été pris 164 fois
  • Le résultat moyen est 11 sur 20

Statistiques - réponses

IndiceMot% Correct
festinbanquet
98%
revêtement de sol parquet
90%
colispaquet
89%
verrouloquet
79%
petit groupe d'arbresbosquet
79%
oiseau coloréperroquet
78%
jeu d’adressebilboquet
72%
surnomsobriquet
70%
insectecriquet
61%
qui cherche à plairecoquet
60%
récipient en boisbaquet
57%
pieupiquet
56%
chienbriquet
41%
contractionhoquet
41%
arme à feumousquet
31%
assemblagebouquet
30%
godelureaufreluquet
23%
jeu d'enfanttourniquet
21%
bonnettoquet
19%
troupoquet
4%

Distribution des résultats

Percentile par nombre de réponses

% des personnes avec chaque résultat

Votre développement - résultats

Vous n’avez pas pris ce quiz